Gabriel Marcel / (Record no. 184176)

MARC details
000 -LEADER
campo de control de longitud fija 00951nam a2200289 i 4500
001 - NÚMERO DE CONTROL
campo de control 184176
003 - IDENTIFICADOR DE NÚMERO DE CONTROL
campo de control ES-MaACL
005 - FECHA Y HORA DE LA ÚLTIMA TRANSACCIÓN
campo de control 20240507215618.0
008 - DATOS DE LONGITUD FIJA--INFORMACIÓN GENERAL
campo de control de longitud fija 150410s1969 sp |||| |bspa d
080 ## - NÚMERO DE LA CLASIFICACIÓN DECIMAL UNIVERSAL
Número de la Clasificación Decimal Universal 1 Marcel, Gabriel
080 ## - NÚMERO DE LA CLASIFICACIÓN DECIMAL UNIVERSAL
Número de la Clasificación Decimal Universal 141.32:261(04)
100 1# - ENTRADA PRINCIPAL--NOMBRE DE PERSONA
Nombre de persona Parain-Vial, Jeanne.
9 (RLIN) 156690
245 10 - MENCIÓN DEL TÍTULO
Título Gabriel Marcel /
Mención de responsabilidad, etc. Jeanne Parain-Vial ; [traducción, por Enrique Molina Campos].
250 ## - MENCION DE EDICION
Mención de edición 1ª ed.
260 ## - PUBLICACIÓN, DISTRIBUCIÓN, ETC.
Lugar de publicación, distribución, etc. Barcelona :
Nombre del editor, distribuidor, etc. Fontanella,
Fecha de publicación, distribución, etc. 1969.
300 ## - DESCRIPCIÓN FÍSICA
Extensión 215 p. ;
Dimensiones 17 cm.
490 1# - MENCIÓN DE SERIE
Mención de serie Testigos del siglo XX ;
Designación de volumen o secuencia 24
504 ## - NOTA DE BIBLIOGRAFÍA, ETC.
Nota de bibliografía, etc. Bibliografía: p. 211-215.
505 8# - NOTA DE CONTENIDO CON FORMATO
Nota de contenido con formato Contiene: Selección de textos, p. 117-208
600 14 - PUNTO DE ACCESO ADICIONAL DE MATERIA--NOMBRE DE PERSONA
Nombre de persona Marcel, Gabriel,
Fechas asociadas al nombre 1889-1973
9 (RLIN) 156691
650 07 - PUNTO DE ACCESO ADICIONAL DE MATERIA--TÉRMINO DE MATERIA
Término de materia o nombre geográfico como elemento de entrada Existencialismo.
9 (RLIN) 12679
700 1# - ENTRADA AGREGADA--NOMBRE PERSONAL
Nombre de persona Molina Campos, Enrique.
9 (RLIN) 81917
700 1# - ENTRADA AGREGADA--NOMBRE PERSONAL
Nombre de persona Marcel, Gabriel,
Fechas asociadas al nombre 1889-1973
9 (RLIN) 156691
830 1# - PUNTO DE ACCESO ADICIONAL DE SERIE-TÍTULO UNIFORME
Título uniforme Testigos del siglo XX ;
Designación de volumen o secuencia 24
9 (RLIN) 192049
852 ## - LOCALIZACIÓN
Ubicación ES-MaACL
Número de control de estantería E-15545
Holdings
Estatus retirado Estado de pérdida Estado de daño No para préstamo Biblioteca de origen Biblioteca actual Ubicación en estantería Fecha de adquisición Fuente de adquisición Total de préstamos Signatura topográfica completa Código de barras Visto por última vez Precio de reemplazo Tipo de ítem Koha
        Biblioteca del Ateneo de Madrid Biblioteca del Ateneo de Madrid Depósito 2 10/04/2015     E-15545 1193719 23/02/2023 23/02/2023 Libro impreso